000 00908nam a2200253Ia 4500
003 OSt
005 20220923212111.0
006 a|||||r|||| 00| 0
007 ta
008 220922b |||||||| |||| 00| 0 hin d
024 _a150,706
037 _cTextual
040 _aARTS
_cARTS
_bhin
041 _2hin
_ahin
082 _aL:3, 152L5
100 _aशर्मा, जगदीश चन्द्र
245 0 _aभौतिकी मानव-विज्ञान प्रविधियां
246 _aBhautikī mānava-vijnyān pravidhiyāan
260 _aचण्डीगढ़
_b हरियाणा हिन्दी ग्रंथ अकादमी
_c1975
300 _a1439 पृ.
_ccm.
650 _aआयुर्वेद औषधी
942 _hL:3, 152L5
_cTEXL
_2CC
999 _c306386
_d306386